000 00282nam a2200121Ia 4500
005 20251222154342.0
008 251222s9999||||xx |||||||||||||| ||spa||
020 _a84-7291-568-9
082 _a909/M26
100 _a"Marcuse,Herbert"
245 0 _aEros y civilización
942 _cLIB
999 _c34567
_d34567